Pregnancy & Baby Care : (Record no. 195303)

MARC details
000 -LEADER
fixed length control field 00645nam a22002057a 4500
005 - DATE AND TIME OF LATEST TRANSACTION
control field 20230316161328.0
010 ## - LCCN (DPL NO)
LC control number ENG-136453
020 ## - INTERNATIONAL STANDARD BOOK NUMBER
Terms of availability 295.00
International Standard Book Number 9788123791395
035 ## - SYSTEM CONTROL NUMBER
System control number EN-119985
037 ## - SOURCE OF ACQUISITION
Source of stock number/acquisition DBAD/PUB
082 ## - DEWEY DECIMAL CLASSIFICATION NUMBER
Classification number 618.24
100 ## - MAIN ENTRY--PERSONAL NAME
Personal name Agarwal,Yatish
245 ## - TITLE STATEMENT
Title Pregnancy & Baby Care :
Statement of responsibility, etc By Yatish Agarwal and Rekha Agarwal
Remainder of title A Practical Guide /
250 ## - EDITION STATEMENT
Edition statement First
260 ## - PUBLICATION, DISTRIBUTION, ETC. (IMPRINT)
Name of publisher, distributor, etc National Book Trust
Place of publication, distribution, etc New Delhi
Date of publication, distribution, etc 2021
270 ## - ADDRESS
Address Nehru Bhawan, 5 Institutional Area, Phase 2, Vasant Kunj
City New Delhi
Postal code 110070
300 ## - PHYSICAL DESCRIPTION
Extent x212p.
Dimensions 24cm(pbk)
700 ## - ADDED ENTRY--PERSONAL NAME
Personal name Rekha, Agarwal
942 ## - ADDED ENTRY ELEMENTS (KOHA)
Source of classification or shelving scheme Dewey Decimal Classification
Item type English Books
Classification part 618.24
Call number suffix YAT
Holdings
Withdrawn status Lost status Not for loan Collection code Home library Current library Date acquired Source of acquisition Cost, normal purchase price Full call number Barcode Copy number Koha item type
      Non-fiction Katevara Katevara 16/03/2023 DBAD/PUB 295.00 618.24 YAT EN-119985 1 English Books

© Delhi Public Library
Hit Counter
free hit counter